00467nam a22001577a 450000500170000000800410001702000140005804100120007208200120008410000280009624500560012425000190018026000560019930000290025565000250028420231113071613.0231113b |||||||| |||| 00| 0 eng d a040950024 aEnglish a346 SON aSonnekus, JC lEnglish  aThe law of Estoppel in South Africa / cJC Sonnekus aSecond Edition aDurban : bButterworth Publishers (Pty) Ltd, c2000 bix, 215 pages; c25 cm.  aLegal practice bLaw